000 00562nam a22001817a 4500
005 20251108171239.0
008 250721s1995 xx 000 0 ara d
082 1 4 _a211.13343/احم
100 1 _aالتومي، أحمد النحاس
245 1 0 _aشفاء الرحمن للسحر و الحسد و الحسد و أمراض الجان /
250 _aط2.
264 1 _aبيروت :
_bدار الجيل،
_c1995.
300 _a128ص
650 1 7 _aالقرآن الكريم
650 1 7 _aالإسلام و السحر
942 _2ddc
_cBK
999 _c60357
_d60357